Universities and lifelong learning in the context of sustainable development
Gespeichert in:
| 1. Verfasser: | |
|---|---|
| Weitere Verfasser: | |
| Format: | Buchkapitel |
| Sprache: | Englisch |
| Schlagworte: | |
| Tags: |
Keine Tags, Fügen Sie das erste Tag hinzu!
|
MARC
| LEADER | 00000nla a2200000 4500 | ||
|---|---|---|---|
| 001 | 0217023 | ||
| 005 | 20240712120115.2 | ||
| 041 | 0 | |a eng | |
| 044 | |a UA | ||
| 245 | 1 | 0 | |a Universities and lifelong learning in the context of sustainable development |c Vladimír Gonda, T. P. Nestorenko |
| 610 | 2 | 0 | |a univerzity |
| 610 | 2 | 0 | |a školy vysoké |
| 610 | 2 | 0 | |a výučba vedecká |
| 610 | 2 | 0 | |a financovanie vedy |
| 610 | 2 | 0 | |a financovanie školstva |
| 610 | 2 | 0 | |a vzdelávanie celoživotné |
| 610 | 2 | 0 | |a rozvoj trvalo udržateľný |
| 610 | 2 | 0 | |a Európa |
| 100 | 1 | |a Gonda, Vladimír | |
| 700 | 1 | |a Nestorenko, T. P. | |